La diferencia

Gespeichert in:
Bibliographische Detailangaben
1. Verfasser: Lyotard, Jean-François (autor)
Format: Buch
Sprache:Spanisch
Veröffentlicht: Barcelona Gedisa 1988
Schriftenreihe:Colección Filosofía. Serie CLA-DE-MA
Schlagworte:
Tags: Tag hinzufügen
Keine Tags, Fügen Sie den ersten Tag hinzu!

MARC

LEADER 00000nam a2200000 a 4500
001 UCX3244
003 CL-VaPUC
008 911017e19880000SP |||||||||||||||||spa|d
082 0 4 |a 194  |b LYO  |2 21 
100 |a Lyotard, Jean-François  |e autor  |9 452660 
245 1 3 |a La diferencia 
300 |a 223 p 
942 |c BK 
945 |d 19911017 00:00:00 
260 |a Barcelona  |b Gedisa  |c 1988 
650 0 |a Filosofía francesa   |9 255698 
650 0 |a Filosofía moderna  |9 258121 
583 |a last modification  |c 19911017 00:00:00  |k Rodrigo Vera 
490 0 |a Colección Filosofía. Serie CLA-DE-MA 
999 |c 224049  |d 224047 
952 |0 0  |1 0  |4 0  |6 194_000000000000000_LYO_1988  |7 0  |8 A  |9 220424  |a FDOPOS  |b FDOPOS  |d 2019-11-15  |i 2891344  |o 194 LYO 1988  |p 2891344  |r 2025-01-22  |w 2019-11-15  |y BK  |k MLH